000 00473pab a2200193 454500
008 180718b2008 xxu||||| |||| 00| 0 eng d
100 _aSethi, Jajneswar
245 _aViolence against women: the ugly face of Indian society
260 _c2008
300 _ap.31-33.
362 _aJun
650 _aWomen - Crimes against
650 _aviolence - India
650 _aWomen - India
650 _aWomen
773 _aSocial Welfare
908 _aN
909 _a79230
999 _c79230
_d79230